000 01346cam a22002535a 4500
001 L159641
008 151103s2017 xxk f 000 0 eng d
035 _a(Sirsi) u159641
041 0 _aeng
110 2 _aJones Lang LaSalle
_93755
245 0 0 _aIndia retail
_bChange is the new constant
_h[electronic resource]
260 _a[S.l.]
_bJLL
_c2017
505 2 _aRetail sector overview, trends & approaches -- Retail practices -- Technology in retail-- Acts & policies-impact on retail
520 _aThe retail world is undergoing a fast paced revolution. One which is being driven by consumers and fuelled by tech advancements. The pace of this revolution is remarkable with no sign of slowing down, provided all stakeholders embrace this change simultaneously. With shopping centres taking steps to merge online experiences with offline ones, the future of retail is becoming increasingly exciting for both retailers and consumers.
650 2 4 _aMARKETING STRATEGY
650 2 4 _aRETAIL MARKETS
651 4 _aIndia
690 _aRETAIL PROPERTY
690 _aCommercial property
_96227
690 _aInvestments
_96250
710 1 _aConfederation of Indian Industry
856 4 0 _uhttps://www.jll.co.in/india/en-gb/research/316/india_retail_change_is_the_new_constant
_zView the item free of charge from the www.jll.co.in
942 _n0
999 _c116070
_d116070